[Event "Montevideo Duchamp Cup 1st"]
[Site "Montevideo"]
[Date "2017.02.14"]
[Round "8"]
[White "Lanzilotta Mernies, Marcelo"]
[Black "Porteiro, Rodrigo"]
[Result "1-0"]
[WhiteElo "2029"]
[BlackElo "1728"]
[PlyCount "51"]
[EventDate "2017.02.09"]
[EventType "swiss"]
[EventRounds "9"]
[EventCountry "URU"]
[SourceTitle "CBM 176 Extra"]
[Source "ChessBase"]
[SourceDate "2017.03.02"]
[SourceVersion "1"]
[SourceVersionDate "2017.03.02"]
[SourceQuality "1"]

1. e4 c6 2. d4 d5 3. exd5 cxd5 4. c4 Nf6 5. Nc3 e6 6. Nf3 Bb4 7. Bg5 0-0 8. Bd3 dxc4 9. Bxc4 b6 10. 0-0 Bb7 11. Rc1 Be7 12. Ne5 Nc6 13. Nxc6 Bxc6 14. Re1 Re8 15. Qb3 Qxd4 16. Bxe6 Ng4 17. Bxf7+ Kh8 18. Be3 Qd6 19. g3 Ne5 20. Bh5 Qd7 21. Ne2 Rf8 22. Nf4 Bf3 23. Bd4 Rxf4 24. Bxe5 Bxh5 25. Bxf4 Bf8 26. Rc7 1-0

[Event "American Continental 11th"]
[Site "Montevideo"]
[Date "2015.05.17"]
[Round "4"]
[White "Colman, Matias"]
[Black "Porteiro, Rodrigo"]
[Result "1/2-1/2"]
[WhiteElo "2036"]
[BlackElo "1727"]
[PlyCount "77"]
[EventDate "2015.05.15"]
[EventType "swiss"]
[EventRounds "11"]
[EventCountry "URU"]
[SourceTitle "CBM 167"]
[Source "ChessBase"]
[SourceDate "2015.07.13"]
[SourceVersion "1"]
[SourceVersionDate "2015.07.13"]
[SourceQuality "1"]

1. d4 c6 2. c4 d5 3. Nc3 Nf6 4. Nf3 e6 5. Bg5 Be7 6. e3 Nbd7 7. Bd3 dxc4 8. Bxc4 Nd5 9. Bxe7 Nxe7 10. 0-0 0-0 11. Qe2 b6 12. Bb3 a5 13. Rfd1 Qc7 14. Rac1 Ba6 15. Qc2 Rac8 16. Ng5 Ng6 17. h4 Qd8 18. f4 Nf6 19. Nce4 Nd5 20. Bxd5 cxd5 21. Nc3 h6 22. Nxe6 fxe6 23. Qxg6 Rf6 24. Qg4 Qe8 25. Rc2 Rg6 26. Qh3 h5 27. Rf2 Rg4 28. f5 exf5 29. Rxf5 Qg6 30. Nxd5 Re8 31. Re5 Rxe5 32. dxe5 Qc2 33. Qf3 Be2 34. Nf6+ gxf6 35. Rd8+ Kh7 36. Rd7+ Rg7 37. Rxg7+ Kxg7 38. Qxf6+ Kh7 39. Qf7+ 1/2-1/2